Statistics for FIFA 23 RANDOM PLAYERS COUNTRY QUIZ #8

Click here to take the quiz!

General Stats

  • This quiz has been taken 13 times
  • The average score is 13 of 20

Answer Stats

HintAnswer% Correct
Mats HummelsGermany
100%
Scott McTominayScotland
100%
Tim CahillAustralia
92%
Hristo StoichkovBulgaria
92%
Ian WrightEngland
92%
Marcel DesaillyFrance
92%
Lukas PodolskiGermany
92%
Sverrir Ingi IngasonIceland
83%
Nabil FekirFrance
75%
Romain AlessandriniFrance
67%
Stefan PoschAustria
58%
Hans HateboerNetherlands
58%
Pablo SarabiaSpain
58%
Facundo MedinaArgentina
50%
Jason DenayerBelgium
50%
Alfred DuncanGhana
42%
Brais MéndezSpain
33%
Zakaria BakkaliBelgium
25%
Amine GouiriFrance
25%
Noble OkelloCanada
0%

Score Distribution

Percentile by Number Answered

Percent of People with Each Score

Your Score History

You have not taken this quiz